000 00572nam a2200241Ia 4500
005 20260306150458.0
008 008 260114s9999 xx 000 0 eng d
020 _a9780226500829
037 _aEbook
040 _aCRL
040 _beng
040 _cCRL
041 _2eng
041 _aeng
084 _qCRL
245 0 _aWhat Is Biodiversity?
260 _bUniversity of Chicago Press
260 _c2008
650 _aGeneral Interest
_91123711
856 _uhttps://www.degruyter.com/isbn/9780226500829
942 _cEBOOK
999 _c1697025
_d1697025